000 00795nam a22002415i 4500
001 159224
003 ES-MaACL
005 20230906211511.0
008 940202s1786 sp |||| | spa d
040 _aAR
_bspa
100 1 _aMayáns y Siscar, Gregorio.
_979333
245 1 0 _aRhetorica /
_cde Don Gregorio Mayans i Siscar ; tomo II.
250 _aSegunda edicion.
260 _aEn Valencia :
_bpor Josef i Thomas de Orga,
_c1786.
300 _a[2], 558 p. ;
_c8º.
596 _aMarca tip. en port.
597 _aSign.: A-Z\p8\s, 2A-2M\p8\s.
650 4 _aRetórica.
_916882
700 1 _aOrga, José de,
_eimp.
_9130685
700 1 _aOrga, Tomás de,
_eimp.
_9130690
752 _aEspaña -
_d, Valencia
852 _aES-MaACL
_jR-463-64
_z- Enc. pasta española
_x Olim: G-483-4
999 _c159224
_d159224